How to Read a Person Like a Book (Record no. 511269)

000 -LEADER
fixed length control field 00295nam a22001097a 4500
020 ## - INTERNATIONAL STANDARD BOOK NUMBER
International Standard Book Number 0671668773
082 ## - DEWEY DECIMAL CLASSIFICATION NUMBER
Classification number A3 N629
100 ## - MAIN ENTRY--PERSONAL NAME
Personal name Niernberg, Gerard I.and Calero, Henery H.
9 (RLIN) 10662
245 ## - TITLE STATEMENT
Title How to Read a Person Like a Book
260 ## - PUBLICATION, DISTRIBUTION, ETC. (IMPRINT)
Place of publication, distribution, etc Newyork
Name of publisher, distributor, etc Pocket Publications
Date of publication, distribution, etc 1971
300 ## - PHYSICAL DESCRIPTION
Extent 189p.
Holdings
Withdrawn status Lost status Source of classification or shelving scheme Damaged status Koha normalized classification for sorting Not for loan Permanent location Current location Date acquired Full call number Barcode Date last seen Price effective from Koha item type
        A_3_000000000000000_N629   Indian Institute of Public Administration Indian Institute of Public Administration 2019-09-16 A3 N629 GR21649 2019-09-16 2019-09-16 GR

Powered by Koha